Quiz sur Grand Theft Auto V - Statistiques

Statistiques générales
  • Ce quiz a été pris 45 fois
  • Le résultat moyen est 8 sur 16
Statistiques - réponses
Questions Réponses % Correct
Année de sortie du jeu 2013
97%
Cette ville est une copie de cette mégapole Los Angeles
78%
Ville fictive où se déroule l'intrigue Los Santos
76%
Personnage principal aux tendances psychopathes Trevor Philips
73%
Niveau maximum que peut atteindre l'indice de recherche de la police 5 étoiles
68%
Personnage principal vivant dans une luxueuse maison Michael De Santa
68%
Type de monde proposé par GTA V Monde ouvert
65%
Nombre de plateformes sur lesquelles le jeu est sorti 7
62%
Personnage principal ayant un chien, une moto et une villa Franklin Clinton
62%
Montagne qui renfermerait un mystère Mont Chiliad
46%
Véhicule en mouvement constant impossible à détruire Le train de marchandises
43%
Nom de la chaîne de garage présente dans le jeu Los Santos Custom
43%
Ce que représente le curseur sur l'internet du jeu Un doigt d'honneur
30%
Studio l'ayant développé Rockstar North
22%
Ville désertique où vit ce personnage Sandy Shores
14%
Animateur radio incarnant son propre rôle dans le jeu Lazlow Jones
3%
Aucun quiz correspondant
Distribution des résultats
% des personnes avec chaque résultat
Percentile par nombre de réponses
Votre historique - résultats
Vous n’avez pas pris ce quiz